Normal view MARC view

Entry Nombre personal

Number of records used in: 2

001 - NÚMERO DE CONTROL

  • campo de control: 205711

003 - IDENTIFICADOR DE NÚMERO DE CONTROL

  • campo de control: mxcmmo

005 - FECHA Y HORA DE LA ÚLTIMA TRANSACCIÓN

  • campo de control: 20250716110506.0

008 - ELEMENTOS DE DATO DE LONGITUD-FIJA

  • campo de control de longitud fija: |abacn||aab||||||||||| ||aaa|||| d

010 ## - NÚMERO DE CONTROL DE LA BIBLIOTECA DEL CONGRESO

  • Número de control de LC: 82028200

040 ## - FUENTE DE CATALOGACIÓN

  • Centro catalogador/agencia de origen: mxcmmo
  • Lengua de catalogación: spa
  • Centro/agencia transcriptor: mxcmmo
  • Centro/agencia modificador: mxcmmo
  • Normas de descripción: rda

046 ## - FECHAS CON CODIFICACIÓN ESPECIAL

  • Fecha de nacimiento: 1918 11 23
  • Fecha de la muerte: 2004 09 23

100 1# - ENCABEZAMIENTO-NOMBRE DE PERSONA

  • Nombre de persona: Aberle, David Friend,
  • Fechas asociadas al nombre: 1918-2004

370 ## - LUGAR ASOCIADO

  • Lugar de nacimiento: Minnesota, Estados Unidos
  • Lugar de fallecimiento: Vancouver, Canadá

372 ## - CAMPO DE ACTIVIDAD

  • Campo de actividad: Pueblo Indijena Navajo

373 ## - GRUPO ASOCIADO

  • Grupo asociado: University of Michigan
  • Grupo asociado: Brandeis University
  • Grupo asociado: University of Oregon
  • Grupo asociado: University of British Columbia

374 ## - OCUPACIÓN

  • Ocupación: Antropólogo

375 ## - GÉNERO/SEXO

  • Género: Masculino

400 1# - TRAZADO DE VÉASE--NOMBRE DE PERSONA

  • Nombre de persona: Aberle, David F.
  • Información miscelánea: (David Friend),
  • Fechas asociadas al nombre: 1918-2004

400 1# - TRAZADO DE VÉASE--NOMBRE DE PERSONA

  • Nombre de persona: Aberle, D. F.
  • Información miscelánea: (David Friend),
  • Fechas asociadas al nombre: 1918-2004

670 ## - FUENTE DE DATOS ENCONTRADOS

  • Cita de la fuente: Navaho and ute peyotism, 1957:
  • Información encontrada: t.p. (David Friend Aberle)

670 ## - FUENTE DE DATOS ENCONTRADOS

  • Cita de la fuente: Wikipedia, sitio web 15 de julio 2025:
  • Información encontrada: (Biografía)
  • Identificador Uniforme de Recurso: https://en.wikipedia.org/wiki/David_Aberle

670 ## - FUENTE DE DATOS ENCONTRADOS

  • Cita de la fuente: Catálogo de la Biblioteca del Congreso, 16 de julio 2025:
  • Información encontrada: catálogo electrónico (Aberle, David F. (David Friend), 1918-2004)
  • Identificador Uniforme de Recurso: https://lccn.loc.gov/n82028200

678 ## - DATOS BIOGRÁFICOS O HISTÓRICOS

  • Datos biográficos o históricos: Fue un antropólogo estadounidense nacido el 23 de noviembre de 1918 en St. Paul Minnesota, bien conocido por su trabajo con la cultura americana del sudoeste de los indios Navajos.